Ekonomická analýza podniku praktikum
Guardado en:
| Autor principal: | |
|---|---|
| Autor Corporativo: | |
| Otros Autores: | , , |
| Formato: | Libro |
| Lenguaje: | eslovaco |
| Publicado: |
Bratislava
Vydavateľstvo EKONÓM
2016
|
| Edición: | 1. vyd. |
| Materias: | |
| Etiquetas: |
Sin Etiquetas, Sea el primero en etiquetar este registro!
|
MARC
| LEADER | 00000nam a2200000 4500 | ||
|---|---|---|---|
| 001 | 0228609 | ||
| 005 | 20240502073747.4 | ||
| 020 | |a 978-80-225-4353-8 | ||
| 041 | 0 | |a slo | |
| 044 | |a SK | ||
| 245 | 1 | 0 | |a Ekonomická analýza podniku |b praktikum |c Daniela Tučníková, Pavel Škriniar ; recenzenti: Karol Zalai, Alena Tóthová |
| 250 | |a 1. vyd. | ||
| 264 | 1 | |a Bratislava |b Vydavateľstvo EKONÓM |c 2016 | |
| 300 | |a 106 s. [6,51 AH] | ||
| 610 | 2 | 0 | |a analýza ekonomická |
| 610 | 2 | 0 | |a analýza finančná |
| 610 | 2 | 0 | |a metódy |
| 610 | 2 | 0 | |a tržby |
| 610 | 2 | 0 | |a analýza nákladov |
| 610 | 2 | 0 | |a analýza nákladov a výnosov |
| 100 | 1 | |a Tučníková, Daniela | |
| 700 | 1 | |a Škriniar, Pavel, 1979- | |
| 700 | 1 | |a Zalai, Karol | |
| 700 | 1 | |a Tóthová, Alena, 1968- | |
| 710 | 2 | |a Ekonomická univerzita v Bratislave. Fakulta podnikového manažmentu | |